000 00711nam a2200253Ia 4500
003 OSt
005 20221005050125.0
006 a|||||r|||| 00| 0
007 ta
008 221004b |||||||| |||| 00| 0 ben d
020 _a8175221313 (pbk)
024 _a19776
037 _bGift, 24/06/2015,
_cTextual
040 _aCRL
_cCRL
_bben
041 _2ben
_aben
082 _aO157,4M61x, K0
100 _aThakur Rabindra Nath
245 0 _aChhin patra
260 _aKolkata
_bViswabharti Granthribhag India
_c1960
300 _a310p.
_ccm.
650 _aBENGALI LITERATURE
942 _hO157,4M61x, K0
_cTEXL
_2cc
999 _c956359
_d956359